| 000 | 00853nam a2200253 a 4500 | ||
|---|---|---|---|
| 001 | BRCA_7244 | ||
| 005 | 20190320205751.0 | ||
| 008 | 240112s19461947fr-a######---#000-0#fre-# | ||
| 041 | _afre | ||
| 044 | _afr | ||
| 050 | 4 |
_aN6846 _b.M38 |
|
| 100 | 1 |
_aMauricheau-Beaupre, Charles _d1889-1953 _917950 |
|
| 245 | 1 | 0 |
_aL´art au XVIIme sieÌcle en France. _barchitecture, sculpture, peonture, arts appliques _cCharles Mauricheau-Beaupre. |
| 260 |
_aParís _bGuy Le Prat _c1946-1947 |
||
| 300 |
_a2 v. _bil. _c28 cm. |
||
| 440 | 0 |
_aNouvelle encyclopedie illustree de l´art francais _917951 |
|
| 500 | _aP151 | ||
| 501 | _aContenido: v.1 Premiere periode 1594-1661.-- v.2 Deuxieme periode 1661-1715. | ||
| 650 | 1 | 4 |
_aArte _zFrancia _917350 |
| 650 | 1 | 4 |
_aArte _xHistoria _917952 |
| 650 | 1 | 4 |
_aArte aplicadas _zFrancia _917953 |
| 902 | _aGFM | ||
| 942 |
_2lcc _cB |
||
| 999 |
_c6925 _d6925 |
||